00539 2200205 4500001002100000005001500021035002000036007000300056008004100059020002200100082000800122084001400130100002400144245005000168260004400218300003600262650001100298990001200309990001200321INLIS00000000000168520180307092614 a0010-0318000028ta180307 g 0 ind  a978-602-02-5827-0 a650 a650 JUB m0 aJUBILEE, Enterprise1 aMembuat Company Profile /cJubilee Enterprise aJakarta :bElex Media Komputindo,c2015 avi, 120 hlm. :bilus. ;c21 cm. aBISNIS a16382 a a16382 b